[Event "Deutsche Ländermeisterschaft 2021"]
[Site "Neumünster GER"]
[Date "2021.10.06"]
[Round "7"]
[White "Wachinger, Nikolas"]
[Black "Bornholdt, Joa Max"]
[Result "1-0"]
[Termination "normal"]
[Board "2.2"]
[WhiteElo "2361"]
[BlackElo "1956"]
[WhiteClock "01:08:59"]
[BlackClock "00:41:25"]
[WhiteTeam "SG Bremen / Niedersachsen"]
[BlackTeam "Schleswig-Holstein"]
[PlyCount "47"]
[WhiteFideId "12962791"]
[BlackFideId "16253477"]
[EventCountry "GER"]
[EventRounds "7"]
[EventType "team-swiss"]
[EventDate "2021.10.01"]

1. e4 {[%clk 1:30:55]} g6 {[%clk 1:30:37]} 2. d4 {[%clk 1:31:12]} Bg7 {[%clk
1:30:58]} 3. c4 {[%clk 1:30:37]} d6 {[%clk 1:30:40]} 4. Nc3 {[%clk 1:30:54]}
Nf6 {[%clk 1:30:53]} 5. Be2 {[%clk 1:31:17]} O-O {[%clk 1:30:20]} 6. Be3 {[%clk
1:28:51]} c5 {[%clk 1:27:25]} 7. dxc5 {[%clk 1:28:56]} Qa5 {[%clk 1:14:17]} 8.
Bd2 {[%clk 1:29:12]} Qxc5 {[%clk 1:14:27]} 9. Nf3 {[%clk 1:29:26]} Bg4 {[%clk
1:11:44]} 10. Be3 {[%clk 1:28:08]} Qa5 {[%clk 1:09:14]} 11. O-O {[%clk
1:26:54]} Rc8 {[%clk 1:08:49]} 12. a3 {[%clk 1:25:47]} Nc6 {[%clk 1:05:58]} 13.
b4 {[%clk 1:25:10]} Qd8 {[%clk 1:05:37]} 14. Rc1 {[%clk 1:25:08]} Bxf3 {[%clk
1:01:45]} 15. gxf3 {[%clk 1:25:31]} Nd7 {[%clk 0:55:17]} 16. f4 {[%clk
1:21:22]} a5 {[%clk 0:44:36]} 17. b5 {[%clk 1:18:22]} Ncb8 {[%clk 0:44:48]} 18.
Na4 {[%clk 1:18:30]} Qc7 {[%clk 0:44:03]} 19. c5 {[%clk 1:11:00]} Nxc5 {[%clk
0:43:48]} 20. Bxc5 {[%clk 1:08:04]} dxc5 {[%clk 0:43:48]} 21. Rxc5 {[%clk
1:08:31]} Qxc5 {[%clk 0:40:34]} 22. Nxc5 {[%clk 1:08:51]} Rxc5 {[%clk 0:41:00]}
23. Qd8+ {[%clk 1:09:10]} Bf8 {[%clk 0:41:25]} 24. e5 {[%clk 1:08:59]} 1-0

[Event "Deutsche Ländermeisterschaft 2021"]
[Site "Neumünster GER"]
[Date "2021.10.06"]
[Round "7"]
[White "Bosselmann, Tom Linus"]
[Black "Colbow, Collin"]
[Result "0-1"]
[Termination "normal"]
[Board "2.3"]
[BlackTitle "FM"]
[WhiteElo "2064"]
[BlackElo "2329"]
[WhiteClock "00:12:37"]
[BlackClock "00:03:53"]
[WhiteTeam "Schleswig-Holstein"]
[BlackTeam "SG Bremen / Niedersachsen"]
[PlyCount "92"]
[WhiteFideId "12983845"]
[BlackFideId "16201132"]
[EventCountry "GER"]
[EventRounds "7"]
[EventType "team-swiss"]
[EventDate "2021.10.01"]

1. e4 {[%clk 1:30:57]} c5 {[%clk 1:30:56]} 2. Nf3 {[%clk 1:31:23]} e6 {[%clk
1:31:12]} 3. d4 {[%clk 1:31:26]} cxd4 {[%clk 1:31:38]} 4. Nxd4 {[%clk 1:31:52]}
Nc6 {[%clk 1:32:02]} 5. Nc3 {[%clk 1:31:43]} Qc7 {[%clk 1:32:27]} 6. Be3 {[%clk
1:31:54]} a6 {[%clk 1:32:42]} 7. Qf3 {[%clk 1:29:54]} Ne5 {[%clk 1:27:58]} 8.
Qg3 {[%clk 1:29:20]} h5 {[%clk 1:28:18]} 9. f4 {[%clk 1:19:09]} h4 {[%clk
1:27:25]} 10. Qh3 {[%clk 1:18:44]} Nc4 {[%clk 1:19:03]} 11. Bxc4 {[%clk
1:11:47]} Qxc4 {[%clk 1:18:39]} 12. O-O-O {[%clk 1:08:20]} b5 {[%clk 1:11:45]}
13. Kb1 {[%clk 1:01:44]} Bb7 {[%clk 1:08:13]} 14. Nf3 {[%clk 0:43:43]} Nf6
{[%clk 1:04:19]} 15. Rd4 {[%clk 0:40:39]} Qc7 {[%clk 1:03:07]} 16. e5 {[%clk
0:32:34]} Nd5 {[%clk 1:02:51]} 17. Nxd5 {[%clk 0:32:19]} Bxd5 {[%clk 1:03:14]}
18. Rxd5 {[%clk 0:28:21]} exd5 {[%clk 1:03:35]} 19. Qf5 {[%clk 0:26:28]} Be7
{[%clk 0:33:45]} 20. Rd1 {[%clk 0:22:32]} Qc4 {[%clk 0:30:15]} 21. Nd4 {[%clk
0:18:01]} Rc8 {[%clk 0:22:12]} 22. Qg4 {[%clk 0:13:02]} Rh7 {[%clk 0:19:14]}
23. f5 {[%clk 0:11:52]} Bc5 {[%clk 0:17:51]} 24. c3 {[%clk 0:10:07]} Bxd4
{[%clk 0:10:11]} 25. Rxd4 {[%clk 0:10:31]} Qf1+ {[%clk 0:08:47]} 26. Kc2 {[%clk
0:10:25]} h3 {[%clk 0:05:40]} 27. g3 {[%clk 0:10:52]} Rc4 {[%clk 0:04:44]} 28.
e6 {[%clk 0:10:39]} dxe6 {[%clk 0:05:04]} 29. fxe6 {[%clk 0:11:02]} Rxd4 {[%clk
0:04:27]} 30. exf7+ {[%clk 0:11:29]} Kxf7 {[%clk 0:04:02]} 31. Qd7+ {[%clk
0:11:29]} Kg6 {[%clk 0:03:31]} 32. Bxd4 {[%clk 0:11:54]} Qf5+ {[%clk 0:03:39]}
33. Qxf5+ {[%clk 0:12:19]} Kxf5 {[%clk 0:04:05]} 34. Kd3 {[%clk 0:12:14]} g5
{[%clk 0:03:43]} 35. Be3 {[%clk 0:11:20]} Kg4 {[%clk 0:03:21]} 36. Ke2 {[%clk
0:11:48]} Rf7 {[%clk 0:03:22]} 37. Bc5 {[%clk 0:11:54]} Rf3 {[%clk 0:03:09]}
38. Bd6 {[%clk 0:12:20]} Rf6 {[%clk 0:03:17]} 39. Bc5 {[%clk 0:12:45]} Re6+
{[%clk 0:03:32]} 40. Be3 {[%clk 0:13:06]} Kf5 {[%clk 0:03:22]} 41. Kd3 {[%clk
0:13:02]} Re8 {[%clk 0:03:20]} 42. Kd2 {[%clk 0:12:40]} Ke4 {[%clk 0:03:20]}
43. Ke2 {[%clk 0:13:05]} g4 {[%clk 0:03:14]} 44. Bd4 {[%clk 0:12:56]} b4 {[%clk
0:03:31]} 45. Bf6 {[%clk 0:12:21]} bxc3 {[%clk 0:03:52]} 46. Bxc3 {[%clk
0:12:37]} d4 {[%clk 0:03:53]} 0-1

[Event "Deutsche Ländermeisterschaft 2021"]
[Site "Neumünster GER"]
[Date "2021.10.06"]
[Round "7"]
[White "Schulze, Lara"]
[Black "Guo, Philipp Ziming"]
[Result "1-0"]
[Termination "normal"]
[Board "2.4"]
[WhiteTitle "FM"]
[WhiteElo "2252"]
[BlackElo "1760"]
[WhiteClock "00:08:44"]
[BlackClock "00:27:00"]
[WhiteTeam "SG Bremen / Niedersachsen"]
[BlackTeam "Schleswig-Holstein"]
[PlyCount "79"]
[WhiteFideId "12956830"]
[BlackFideId "16245199"]
[EventCountry "GER"]
[EventRounds "7"]
[EventType "team-swiss"]
[EventDate "2021.10.01"]

1. e4 {[%clk 1:30:58]} c5 {[%clk 1:30:52]} 2. Nf3 {[%clk 1:31:24]} d6 {[%clk
1:31:17]} 3. d4 {[%clk 1:31:50]} cxd4 {[%clk 1:31:38]} 4. Nxd4 {[%clk 1:32:12]}
Nf6 {[%clk 1:31:59]} 5. Nc3 {[%clk 1:32:35]} a6 {[%clk 1:32:19]} 6. Be3 {[%clk
1:32:58]} e6 {[%clk 1:32:36]} 7. Be2 {[%clk 1:33:19]} Nbd7 {[%clk 1:32:41]} 8.
g4 {[%clk 1:33:19]} h6 {[%clk 1:32:58]} 9. f4 {[%clk 1:32:58]} g5 {[%clk
1:33:00]} 10. f5 {[%clk 1:33:08]} Ne5 {[%clk 1:32:16]} 11. h3 {[%clk 1:31:24]}
Qc7 {[%clk 1:29:10]} 12. Qd2 {[%clk 1:29:39]} Bd7 {[%clk 1:27:02]} 13. O-O-O
{[%clk 1:28:36]} O-O-O {[%clk 1:22:28]} 14. h4 {[%clk 1:11:40]} gxh4 {[%clk
1:15:10]} 15. Rxh4 {[%clk 1:06:07]} Rg8 {[%clk 1:11:37]} 16. Bxh6 {[%clk
0:58:31]} Bxh6 {[%clk 1:10:02]} 17. Rxh6 {[%clk 0:58:23]} Nexg4 {[%clk
1:07:03]} 18. fxe6 {[%clk 0:49:18]} Nxh6 {[%clk 1:00:30]} 19. exd7+ {[%clk
0:49:13]} Qxd7 {[%clk 1:00:24]} 20. Qxh6 {[%clk 0:49:32]} Qe7 {[%clk 0:55:15]}
21. Qf4 {[%clk 0:42:51]} Qe5 {[%clk 0:48:31]} 22. Qf5+ {[%clk 0:39:37]} Kb8
{[%clk 0:46:59]} 23. Bc4 {[%clk 0:34:42]} Rgf8 {[%clk 0:40:45]} 24. Qxe5 {[%clk
0:30:24]} dxe5 {[%clk 0:41:04]} 25. Nf5 {[%clk 0:30:47]} Rxd1+ {[%clk 0:40:20]}
26. Kxd1 {[%clk 0:31:15]} Rd8+ {[%clk 0:35:41]} 27. Ke2 {[%clk 0:31:12]} Rd7
{[%clk 0:35:59]} 28. a4 {[%clk 0:25:51]} Kc7 {[%clk 0:33:04]} 29. Nd5+ {[%clk
0:22:23]} Nxd5 {[%clk 0:33:28]} 30. exd5 {[%clk 0:18:06]} f6 {[%clk 0:31:54]}
31. d6+ {[%clk 0:17:54]} Kd8 {[%clk 0:31:00]} 32. Bg8 {[%clk 0:17:03]} a5
{[%clk 0:29:31]} 33. Kd3 {[%clk 0:16:21]} b6 {[%clk 0:29:03]} 34. Ke4 {[%clk
0:16:07]} Rb7 {[%clk 0:28:43]} 35. Kd5 {[%clk 0:14:50]} Rd7 {[%clk 0:27:41]}
36. Kc6 {[%clk 0:09:52]} e4 {[%clk 0:27:46]} 37. Bd5 {[%clk 0:09:03]} e3 {[%clk
0:27:00]} 38. Nxe3 {[%clk 0:08:57]} Rh7 {[%clk 0:27:18]} 39. Nf5 {[%clk
0:08:53]} Rh2 {[%clk 0:27:00]} 40. Nd4 {[%clk 0:08:44]} 1-0

[Event "Deutsche Ländermeisterschaft 2021"]
[Site "Neumünster GER"]
[Date "2021.10.06"]
[Round "7"]
[White "Falke, Ornella"]
[Black "Helms, Finn"]
[Result "1-0"]
[Termination "normal"]
[Board "2.5"]
[WhiteElo "1655"]
[BlackElo "1898"]
[WhiteClock "00:06:14"]
[BlackClock "00:38:33"]
[WhiteTeam "Schleswig-Holstein"]
[BlackTeam "SG Bremen / Niedersachsen"]
[PlyCount "81"]
[WhiteFideId "16207092"]
[BlackFideId "16249143"]
[EventCountry "GER"]
[EventRounds "7"]
[EventType "team-swiss"]
[EventDate "2021.10.01"]

1. e4 {[%clk 1:30:56]} c6 {[%clk 1:30:55]} 2. d4 {[%clk 1:31:13]} d5 {[%clk
1:31:21]} 3. e5 {[%clk 1:31:21]} Bf5 {[%clk 1:31:44]} 4. Nc3 {[%clk 1:31:19]}
e6 {[%clk 1:31:38]} 5. g4 {[%clk 1:31:34]} Bg6 {[%clk 1:31:46]} 6. Nge2 {[%clk
1:31:58]} c5 {[%clk 1:28:39]} 7. h4 {[%clk 1:31:58]} h5 {[%clk 1:23:10]} 8. Nf4
{[%clk 1:32:19]} Nc6 {[%clk 1:19:16]} 9. Nxg6 {[%clk 1:31:37]} fxg6 {[%clk
1:19:17]} 10. Bd3 {[%clk 0:43:00]} cxd4 {[%clk 1:17:42]} 11. Bxg6+ {[%clk
0:43:01]} Kd7 {[%clk 1:17:36]} 12. Ne2 {[%clk 0:39:39]} hxg4 {[%clk 1:14:14]}
13. Bf4 {[%clk 0:35:24]} Rxh4 {[%clk 1:12:08]} 14. Rg1 {[%clk 0:35:21]} Bc5
{[%clk 1:11:21]} 15. Qd2 {[%clk 0:27:24]} Qb6 {[%clk 1:08:02]} 16. O-O-O {[%clk
0:22:49]} Nge7 {[%clk 1:05:07]} 17. Bd3 {[%clk 0:22:18]} Bb4 {[%clk 1:03:24]}
18. c3 {[%clk 0:22:34]} dxc3 {[%clk 1:03:12]} 19. Nxc3 {[%clk 0:22:05]} d4
{[%clk 1:01:25]} 20. Bc4 {[%clk 0:22:23]} Nf5 {[%clk 0:54:25]} 21. Qd3 {[%clk
0:20:42]} Re8 {[%clk 0:50:11]} 22. Ne4 {[%clk 0:18:04]} Kc8 {[%clk 0:48:56]}
23. Ng5 {[%clk 0:17:08]} Qc5 {[%clk 0:44:24]} 24. Kb1 {[%clk 0:16:28]} Nxe5
{[%clk 0:38:52]} 25. Bxe6+ {[%clk 0:15:58]} Kb8 {[%clk 0:38:03]} 26. Qxf5
{[%clk 0:15:54]} Ka8 {[%clk 0:38:04]} 27. Qxe5 {[%clk 0:13:13]} Qxe5 {[%clk
0:37:12]} 28. Bxe5 {[%clk 0:13:37]} Be7 {[%clk 0:37:38]} 29. Bf4 {[%clk
0:10:50]} Bf6 {[%clk 0:37:12]} 30. Rxg4 {[%clk 0:09:54]} Rhh8 {[%clk 0:37:11]}
31. Bc4 {[%clk 0:09:22]} Rc8 {[%clk 0:37:03]} 32. b3 {[%clk 0:09:29]} a6 {[%clk
0:37:15]} 33. Ne4 {[%clk 0:09:35]} b5 {[%clk 0:37:30]} 34. Bd5+ {[%clk
0:09:59]} Ka7 {[%clk 0:37:53]} 35. Nxf6 {[%clk 0:09:41]} gxf6 {[%clk 0:38:01]}
36. Rxd4 {[%clk 0:09:15]} f5 {[%clk 0:38:19]} 37. Rg7+ {[%clk 0:09:10]} Kb6
{[%clk 0:38:41]} 38. Bd6 {[%clk 0:08:45]} a5 {[%clk 0:38:20]} 39. Rg6 {[%clk
0:07:31]} Rhe8 {[%clk 0:38:23]} 40. Bb8+ {[%clk 0:06:14]} Kc5 {[%clk 0:38:33]}
41. Ba7# 1-0

[Event "Deutsche Ländermeisterschaft 2021"]
[Site "Neumünster GER"]
[Date "2021.10.06"]
[Round "7"]
[White "Pfeffer, Samuel"]
[Black "Malinowsky, Levi"]
[Result "1-0"]
[Termination "normal"]
[Board "2.6"]
[WhiteElo "1497"]
[BlackElo "1775"]
[WhiteClock "00:39:40"]
[BlackClock "00:03:06"]
[WhiteTeam "SG Bremen / Niedersachsen"]
[BlackTeam "Schleswig-Holstein"]
[PlyCount "107"]
[WhiteFideId "16249160"]
[BlackFideId "16253094"]
[EventCountry "GER"]
[EventRounds "7"]
[EventType "team-swiss"]
[EventDate "2021.10.01"]

1. d4 {[%clk 1:30:57]} Nf6 {[%clk 1:30:45]} 2. c4 {[%clk 1:31:12]} c5 {[%clk
1:30:44]} 3. d5 {[%clk 1:30:37]} b5 {[%clk 1:30:17]} 4. cxb5 {[%clk 1:30:09]}
a6 {[%clk 1:30:10]} 5. bxa6 {[%clk 1:29:53]} Bxa6 {[%clk 1:30:24]} 6. Nc3
{[%clk 1:30:02]} d6 {[%clk 1:29:57]} 7. e4 {[%clk 1:30:09]} Bxf1 {[%clk
1:29:25]} 8. Kxf1 {[%clk 1:30:30]} Nbd7 {[%clk 1:29:01]} 9. g3 {[%clk 1:30:43]}
g6 {[%clk 1:28:49]} 10. Kg2 {[%clk 1:30:57]} Bg7 {[%clk 1:28:54]} 11. Nf3
{[%clk 1:30:53]} O-O {[%clk 1:28:49]} 12. a4 {[%clk 1:30:32]} Ne8 {[%clk
1:27:03]} 13. Nb5 {[%clk 1:29:53]} Nc7 {[%clk 1:26:08]} 14. Nxc7 {[%clk
1:29:43]} Qxc7 {[%clk 1:26:06]} 15. Ra3 {[%clk 1:29:51]} Rfb8 {[%clk 1:25:13]}
16. b3 {[%clk 1:29:32]} Rb4 {[%clk 1:23:56]} 17. Re1 {[%clk 1:28:39]} c4 {[%clk
1:18:07]} 18. Qc2 {[%clk 1:21:52]} Nc5 {[%clk 1:13:50]} 19. bxc4 {[%clk
1:20:20]} Raxa4 {[%clk 1:12:27]} 20. Rxa4 {[%clk 1:19:53]} Nxa4 {[%clk
1:11:38]} 21. Nd2 {[%clk 1:19:14]} Bc3 {[%clk 1:05:31]} 22. Ba3 {[%clk
1:08:45]} Bxd2 {[%clk 1:03:20]} 23. Bxb4 {[%clk 1:08:59]} Bxb4 {[%clk 0:58:36]}
24. Rb1 {[%clk 1:08:43]} Qa5 {[%clk 0:56:09]} 25. Ra1 {[%clk 1:08:50]} Bc5
{[%clk 0:51:09]} 26. Rxa4 {[%clk 1:08:31]} Qe1 {[%clk 0:50:28]} 27. Ra8+ {[%clk
1:07:51]} Kg7 {[%clk 0:50:29]} 28. Ra2 {[%clk 1:08:11]} Bd4 {[%clk 0:48:36]}
29. Qe2 {[%clk 1:07:51]} Qb1 {[%clk 0:47:52]} 30. Rd2 {[%clk 1:07:24]} Qb6
{[%clk 0:47:00]} 31. Qd3 {[%clk 1:07:19]} Bf6 {[%clk 0:46:15]} 32. Re2 {[%clk
1:05:49]} Bd4 {[%clk 0:43:30]} 33. f4 {[%clk 1:05:53]} f6 {[%clk 0:42:58]} 34.
Qc2 {[%clk 1:03:10]} Qa7 {[%clk 0:42:18]} 35. Rd2 {[%clk 1:02:31]} Qa1 {[%clk
0:41:38]} 36. Rd1 {[%clk 1:02:45]} Qa7 {[%clk 0:41:54]} 37. Qb3 {[%clk
1:02:56]} Kf7 {[%clk 0:39:15]} 38. Qd3 {[%clk 1:01:57]} Bb2 {[%clk 0:36:33]}
39. Qe2 {[%clk 1:00:21]} Bd4 {[%clk 0:36:30]} 40. Qg4 {[%clk 0:58:15]} Qa2+
{[%clk 0:35:57]} 41. Kh3 {[%clk 0:58:36]} Qa7 {[%clk 0:32:29]} 42. Qe6+ {[%clk
0:58:45]} Kg7 {[%clk 0:32:25]} 43. Rb1 {[%clk 0:58:48]} Qc7 {[%clk 0:31:24]}
44. Rb3 {[%clk 0:57:02]} h5 {[%clk 0:27:30]} 45. Ra3 {[%clk 0:54:25]} Qb7
{[%clk 0:24:58]} 46. Ra5 {[%clk 0:54:07]} Kf8 {[%clk 0:19:35]} 47. e5 {[%clk
0:49:27]} Qb8 {[%clk 0:11:00]} 48. Qd7 {[%clk 0:47:58]} dxe5 {[%clk 0:10:11]}
49. Rb5 {[%clk 0:40:17]} Qd6 {[%clk 0:03:06]} 50. Qc8+ {[%clk 0:39:23]} Kg7
{[%clk 0:02:49]} 51. Rb8 {[%clk 0:39:31]} g5 {[%clk 0:02:32]} 52. Qh8+ {[%clk
0:39:17]} Kg6 {[%clk 0:02:48]} 53. Rg8+ {[%clk 0:39:40]} Kf5 {[%clk 0:03:06]}
54. Qh7# 1-0

[Event "Deutsche Ländermeisterschaft 2021"]
[Site "Neumünster GER"]
[Date "2021.10.06"]
[Round "7"]
[White "Bräutigam, Katerina"]
[Black "Evering, Enna"]
[Result "1-0"]
[Termination "normal"]
[Board "2.7"]
[WhiteElo "1734"]
[BlackElo "1568"]
[WhiteClock "00:04:55"]
[BlackClock "00:05:07"]
[WhiteTeam "Schleswig-Holstein"]
[BlackTeam "SG Bremen / Niedersachsen"]
[PlyCount "169"]
[WhiteFideId "16242980"]
[BlackFideId "16218213"]
[EventCountry "GER"]
[EventRounds "7"]
[EventType "team-swiss"]
[EventDate "2021.10.01"]

1. e4 {[%clk 1:30:58]} e5 {[%clk 1:30:54]} 2. Nf3 {[%clk 1:31:24]} Nc6 {[%clk
1:31:20]} 3. Bb5 {[%clk 1:31:47]} a6 {[%clk 1:31:37]} 4. Ba4 {[%clk 1:32:12]}
Nge7 {[%clk 1:31:38]} 5. O-O {[%clk 1:30:34]} g6 {[%clk 1:31:11]} 6. c3 {[%clk
1:28:46]} Bg7 {[%clk 1:31:00]} 7. d3 {[%clk 1:19:48]} O-O {[%clk 1:27:35]} 8.
Nbd2 {[%clk 1:16:14]} b5 {[%clk 1:23:40]} 9. Bc2 {[%clk 1:11:05]} d6 {[%clk
1:21:50]} 10. h3 {[%clk 1:10:17]} Bb7 {[%clk 1:19:05]} 11. a4 {[%clk 1:08:39]}
b4 {[%clk 1:13:28]} 12. a5 {[%clk 0:57:21]} bxc3 {[%clk 1:08:30]} 13. bxc3
{[%clk 0:57:37]} Na7 {[%clk 1:02:34]} 14. Nc4 {[%clk 0:49:38]} Nb5 {[%clk
0:59:30]} 15. Bb2 {[%clk 0:39:53]} Re8 {[%clk 0:55:18]} 16. Ba4 {[%clk
0:33:22]} Bc6 {[%clk 0:52:52]} 17. Na3 {[%clk 0:27:59]} Nxa3 {[%clk 0:49:00]}
18. Bxc6 {[%clk 0:21:37]} Nxc6 {[%clk 0:48:42]} 19. Rxa3 {[%clk 0:21:53]} Rb8
{[%clk 0:46:12]} 20. Qc2 {[%clk 0:16:21]} Rb5 {[%clk 0:43:18]} 21. Rfa1 {[%clk
0:02:22]} Qb8 {[%clk 0:36:47]} 22. Bc1 {[%clk 0:02:26]} Qc8 {[%clk 0:27:12]}
23. Rb1 {[%clk 0:02:02]} Rxb1 {[%clk 0:21:41]} 24. Qxb1 {[%clk 0:02:26]} Qa8
{[%clk 0:21:01]} 25. Qa2 {[%clk 0:01:41]} h6 {[%clk 0:19:54]} 26. Nd2 {[%clk
0:00:47]} Na7 {[%clk 0:16:59]} 27. Qc4 {[%clk 0:00:47]} Nb5 {[%clk 0:17:08]}
28. Rb3 {[%clk 0:00:52]} Rb8 {[%clk 0:16:20]} 29. Qb4 {[%clk 0:00:41]} Rc8
{[%clk 0:13:54]} 30. Rb1 {[%clk 0:00:35]} Qc6 {[%clk 0:12:04]} 31. Nc4 {[%clk
0:00:35]} d5 {[%clk 0:10:18]} 32. exd5 {[%clk 0:00:39]} Qxd5 {[%clk 0:10:35]}
33. Nb2 {[%clk 0:00:39]} Qd6 {[%clk 0:08:11]} 34. Qb3 {[%clk 0:00:37]} Qa3
{[%clk 0:06:23]} 35. Nc4 {[%clk 0:00:34]} Qxb3 {[%clk 0:05:53]} 36. Rxb3 {[%clk
0:00:58]} Rd8 {[%clk 0:05:59]} 37. Nb2 {[%clk 0:01:15]} Kh7 {[%clk 0:04:32]}
38. Be3 {[%clk 0:01:13]} Bf8 {[%clk 0:03:39]} 39. Kf1 {[%clk 0:00:46]} Re8
{[%clk 0:01:55]} 40. f3 {[%clk 0:00:38]} Re6 {[%clk 0:01:24]} 41. Na4 {[%clk
0:21:02]} Rc6 {[%clk 0:27:39]} 42. c4 {[%clk 0:13:09]} Nd4 {[%clk 0:22:31]} 43.
Rb7 {[%clk 0:10:52]} Kg7 {[%clk 0:18:30]} 44. Bd2 {[%clk 0:07:25]} h5 {[%clk
0:15:18]} 45. Nc3 {[%clk 0:07:29]} Bd6 {[%clk 0:14:03]} 46. Nd5 {[%clk
0:06:58]} Ne6 {[%clk 0:13:08]} 47. Bb4 {[%clk 0:04:25]} Nc5 {[%clk 0:10:59]}
48. Bxc5 {[%clk 0:01:26]} Rxc5 {[%clk 0:11:09]} 49. Ra7 {[%clk 0:00:52]} Rc6
{[%clk 0:08:43]} 50. Ke2 {[%clk 0:00:40]} f6 {[%clk 0:08:08]} 51. Kd2 {[%clk
0:00:38]} Kf7 {[%clk 0:08:04]} 52. Kc3 {[%clk 0:00:38]} Ke6 {[%clk 0:07:39]}
53. Kb3 {[%clk 0:00:34]} Kf7 {[%clk 0:06:08]} 54. Kc3 {[%clk 0:00:45]} Ke6
{[%clk 0:06:08]} 55. Kb3 {[%clk 0:01:05]} Kf7 {[%clk 0:06:25]} 56. Ka4 {[%clk
0:00:49]} Ke6 {[%clk 0:06:26]} 57. Ra8 {[%clk 0:01:08]} Kf7 {[%clk 0:05:04]}
58. Rh8 {[%clk 0:00:44]} Bf8 {[%clk 0:04:15]} 59. Rh7+ {[%clk 0:00:51]} Bg7
{[%clk 0:04:25]} 60. g4 {[%clk 0:00:52]} hxg4 {[%clk 0:03:15]} 61. hxg4 {[%clk
0:01:08]} Kg8 {[%clk 0:02:53]} 62. Ne7+ {[%clk 0:01:16]} Kxh7 {[%clk 0:03:20]}
63. Nxc6 {[%clk 0:01:33]} Bh6 {[%clk 0:02:20]} 64. Nb8 {[%clk 0:01:24]} Be3
{[%clk 0:02:11]} 65. Nxa6 {[%clk 0:01:42]} c6 {[%clk 0:02:20]} 66. Nb8 {[%clk
0:01:45]} Kh6 {[%clk 0:02:20]} 67. Nxc6 {[%clk 0:01:07]} Kg5 {[%clk 0:02:38]}
68. a6 {[%clk 0:01:16]} Kf4 {[%clk 0:02:56]} 69. d4 {[%clk 0:00:36]} exd4
{[%clk 0:02:14]} 70. a7 {[%clk 0:01:00]} d3 {[%clk 0:02:25]} 71. a8=Q {[%clk
0:01:24]} d2 {[%clk 0:02:45]} 72. Qd8 {[%clk 0:01:34]} Kxf3 {[%clk 0:02:55]}
73. Nd4+ {[%clk 0:00:56]} Kf2 {[%clk 0:02:40]} 74. Nb3 {[%clk 0:01:12]} Ke1
{[%clk 0:02:28]} 75. Nxd2 {[%clk 0:01:34]} Bxd2 {[%clk 0:02:40]} 76. Qxf6
{[%clk 0:01:56]} g5 {[%clk 0:03:00]} 77. c5 {[%clk 0:02:17]} Bf4 {[%clk
0:03:25]} 78. c6 {[%clk 0:02:40]} Kf2 {[%clk 0:03:42]} 79. Qc3 {[%clk 0:02:44]}
Bg3 {[%clk 0:03:39]} 80. c7 {[%clk 0:03:01]} Bxc7 {[%clk 0:04:04]} 81. Qxc7
{[%clk 0:03:27]} Kf3 {[%clk 0:04:31]} 82. Qd7 {[%clk 0:03:46]} Kg3 {[%clk
0:04:50]} 83. Qf5 {[%clk 0:04:09]} Kh4 {[%clk 0:05:07]} 84. Kb4 {[%clk
0:04:31]} Kh3 {[%clk 0:05:07]} 85. Qxg5 {[%clk 0:04:55]} 1-0

[Event "Deutsche Ländermeisterschaft 2021"]
[Site "Neumünster GER"]
[Date "2021.10.06"]
[Round "7"]
[White "Nguyen, Alex Dac-Vuong"]
[Black "Färber, David"]
[Result "1/2-1/2"]
[Termination "normal"]
[Board "3.1"]
[WhiteTitle "FM"]
[WhiteElo "2286"]
[BlackElo "2318"]
[WhiteClock "00:49:04"]
[BlackClock "00:27:46"]
[WhiteTeam "Sachsen"]
[BlackTeam "Baden"]
[PlyCount "47"]
[WhiteFideId "12984388"]
[BlackFideId "12971294"]
[EventCountry "GER"]
[EventRounds "7"]
[EventType "team-swiss"]
[EventDate "2021.10.01"]

1. c4 {[%clk 1:30:56]} c6 {[%clk 1:28:34]} 2. e4 {[%clk 1:31:19]} d5 {[%clk
1:28:37]} 3. exd5 {[%clk 1:31:43]} cxd5 {[%clk 1:28:59]} 4. d4 {[%clk 1:32:08]}
Nf6 {[%clk 1:29:12]} 5. Nc3 {[%clk 1:32:33]} Nc6 {[%clk 1:22:01]} 6. Bg5 {[%clk
1:32:54]} e6 {[%clk 1:21:39]} 7. Nf3 {[%clk 1:33:17]} Be7 {[%clk 1:22:02]} 8.
c5 {[%clk 1:33:41]} Ne4 {[%clk 1:09:51]} 9. Bxe7 {[%clk 1:33:45]} Qxe7 {[%clk
1:09:32]} 10. Bb5 {[%clk 1:33:49]} Nxc3 {[%clk 1:06:26]} 11. bxc3 {[%clk
1:33:58]} Bd7 {[%clk 1:06:39]} 12. Bxc6 {[%clk 1:34:21]} Bxc6 {[%clk 1:03:41]}
13. O-O {[%clk 1:34:07]} f6 {[%clk 0:59:33]} 14. Re1 {[%clk 1:22:15]} O-O
{[%clk 0:58:36]} 15. Re3 {[%clk 1:19:45]} Rfe8 {[%clk 0:51:28]} 16. Rb1 {[%clk
1:15:10]} Rab8 {[%clk 0:49:10]} 17. Ne1 Qd7 {[%clk 0:36:00]} 18. Nd3 {[%clk
1:00:33]} Re7 {[%clk 0:33:48]} 19. Qg4 {[%clk 0:59:43]} Rbe8 {[%clk 0:29:40]}
20. Rbe1 {[%clk 0:59:41]} Bb5 {[%clk 0:28:05]} 21. Nf4 {[%clk 0:58:02]} e5
{[%clk 0:27:39]} 22. Qxd7 {[%clk 0:54:47]} Rxd7 {[%clk 0:28:01]} 23. dxe5
{[%clk 0:54:07]} fxe5 {[%clk 0:27:46]} 24. Rxe5 {[%clk 0:49:04]} 1/2-1/2